|
|
|
|
| LEADER |
00861cam a2200229 7i4500 |
| 001 |
0000039643 |
| 005 |
20210126090000.0 |
| 020 |
|
|
|a 9780813802527 (hbk.)
|
| 020 |
|
|
|a 0813802520 (hbk.)
|
| 090 |
0 |
0 |
|a TP360
|b .B57 2010
|
| 245 |
0 |
0 |
|a Biofuels from agricultural wastes and byproducts
|c edited by Hans P. Blaschek, Thaddeus C. Ezeji, Jurgen Scheffran.
|
| 260 |
|
|
|a Ames, Iowa:
|b Wiley-Blackwell,
|c 2010.
|
| 300 |
|
|
|a xii, 262 p.:
|b ill.;
|c 25 cm.
|
| 504 |
|
|
|a Includes bibliographical references and index
|
| 650 |
0 |
0 |
|a Agricultural wastes as fuel
|
| 650 |
0 |
0 |
|a Biomass energy
|
| 700 |
1 |
|
|a Blaschek, Hans P.
|
| 700 |
1 |
|
|a Ezeji, Thaddeus C.
|
| 700 |
1 |
|
|a Scheffran, Jurgen
|
| 997 |
|
|
|a Engineering & Life Sciences, Faculty
|b Science & Biotechnology, Department
|
| 998 |
|
|
|a Biotechnology, Degree
|
| 999 |
|
|
|a 0000007166
|b BOK
|c OPEN SHELF
|e 2nd Floor, Bestari Jaya
|